|
|
|
|
| LEADER |
00000nam0a2200000 4500 |
| 001 |
155908 |
| 005 |
20231031152834.0 |
| 010 |
|
|
|a 5301006827
|
| 020 |
|
|
|a RU
|b 89-57475
|
| 035 |
|
|
|a (RuTPU)RU\TPU\book\169096
|
| 090 |
|
|
|a 155908
|
| 100 |
|
|
|a 20090320d1989 cd y0rusy5003 ca
|
| 101 |
0 |
|
|a rus
|
| 102 |
|
|
|a UA
|
| 105 |
|
|
|a a z 000ay
|
| 200 |
1 |
|
|a Медовый ручеек
|e рассказы и сказки
|e для младшего и среднего школьного возраста
|f Э. Ю. Шим
|g худож. И. Литвин
|
| 210 |
|
|
|a Киев
|c Вэсэлка
|d 1989
|
| 215 |
|
|
|a 255 с., [4] л. ил.
|c ил.
|
| 225 |
1 |
|
|a Школьная библиотека
|
| 333 |
|
|
|a Исключено из фонда НТБ ТПУ
|
| 700 |
|
1 |
|a Шим
|b Э. Ю.
|g Эдуард Юрьевич
|
| 702 |
|
1 |
|a Литвин
|b И.
|4 440
|
| 801 |
|
0 |
|a RU
|b RuMRKP
|c 19950417
|g psbo
|
| 801 |
|
1 |
|a RU
|b 63413507
|c 20090320
|g PSBO
|
| 801 |
|
2 |
|a RU
|b 63413507
|c 20220517
|g PSBO
|
| 942 |
|
|
|c BK
|